000
00306nam a2200133Ia 4500
100
_a
Prince/M.D
942
_c
BK
654
_a
Computer Aided Design
245
_a
Interactive Graphics For Computer Aided Design
260
_b
ADDISON WESLEY
_c
1962
082
_a
604.2
300
_a
301
546
_a
ENGLISH
999
_c
18351
_d
18351